00462nam a2200193Ia 4500003000900000008004100009040001300050040001300063041000800076100002100084245007000105250001100175260002100186260000900207300001100216300001000227490002400237490000700261IT-RoPAU120407s9999 xx 000 0 und d aIT-RoPAU cIT-RoPAU aita aGiuseppe Ferraro aRavviva il dono. Catechesi liturgica sul sacerdozio ministeriale. aMilano aEdizioni Paoline c1986 a153 p. c21 cm aIncontro col Cristo v16